Every polish goalscorer in the world cup history - Statistics

General Stats
  • This quiz has been taken 39 times
  • The average score is 9 of 20
Answer Stats
Hint Answer % Correct
2022 Robert Lewandowski
100%
2022 Piotr Zieliński
94%
1978,1982 Zbigniew Boniek
91%
1974,1978,1982 Grzegorz Lato
88%
2018 Grzegorz Krychowiak
75%
1974,1978 Kazimierz Deyna
72%
2018 Jan Bednarek
59%
1974,1978,1982 Andrzej Szarmach
53%
1982,1986 Włodzimierz Smolarek
50%
2002 Emmanuel Olisadebe
47%
1938 Ernest Wilimowski
38%
2006 Bartosz Bosacki
25%
2002 Marcin Żewłakow
25%
2002 Paweł Kryszałowicz
25%
1982 Andrzej Buncol
9%
1974 Jerzy Gorgon
9%
1982 Stefan Majewski
9%
1938 Fryderyk Scherfke
6%
1982 Włodzimierz Ciołek
6%
1982 Janusz Kupcewicz
3%
No matching quizzes found
Score Distribution
Percent of People with Each Score
Percentile by Number Answered
Your Score History
You have not taken this quiz